| 000 | 00550nam a2200169 i 4500 | ||
|---|---|---|---|
| 001 | 152146 | ||
| 003 | ES-MaACL | ||
| 005 | 20250812082609.0 | ||
| 008 | 051010m18851886it a |||| | ita d | ||
| 100 | 1 |
_aBitard, Adolphe. _9125997 |
|
| 245 | 1 | 3 |
_aLe arti e i mestieri illustrati / _cper Adolfo Bitard. |
| 260 |
_aMilano : _bEdoardo Sonzogno, _c1885-1886. |
||
| 300 |
_a2 v. (807 ; 792 p., lám.) ; _c27 cm. |
||
| 650 | 7 |
_aArtes decorativas _2embne _9135625 |
|
| 852 |
_aES-MaACL _jG-6057-58 _z- Enc. ed. en tela |
||
| 999 |
_c152146 _d152146 |
||